000
00321nam a2200121 a 4500
005
20141022142003.0
008
080909s19uu xx 00 eng d
050
_a
VCD
_b
AJN1 2003
245
_a
AJN: A head -to-Toe :
_b
pediatric assessment.
650
_a
VCD Nursing.
650
_a
A head-to-toe assessment
942
_c
AVM
999
_c
276404
_d
276404